Bí ẩn về người rừng
Những bí ẩn liên quan đến người rừng trên khắp thế giới: Hiện tượng động vật nhân hình kì lạ, người rừng, những nhân chứng nhìn thấy người rừng, các cuộc tranh luận về sự tồn tại của người rừng...
Zapisane w:
| 1. autor: | |
|---|---|
| Format: | Książka |
| Język: | Undetermined |
| Wydane: |
Hà Nội
Nhà xuất bản Hà Nội
2004
|
| Hasła przedmiotowe: | |
| Etykiety: |
Dodaj etykietę
Nie ma etykietki, Dołącz pierwszą etykiete!
|
| Thư viện lưu trữ: | Trung tâm Học liệu Trường Đại học Cần Thơ |
|---|
| LEADER | 00919nam a2200205Ia 4500 | ||
|---|---|---|---|
| 001 | CTU_190271 | ||
| 008 | 210402s9999 xx 000 0 und d | ||
| 020 | |c 42000 | ||
| 082 | |a 576.8 | ||
| 082 | |b Tr107 | ||
| 100 | |a Mã, Tranh | ||
| 245 | 0 | |a Bí ẩn về người rừng | |
| 245 | 0 | |c Mã Tranh ; Nguyễn Duy Chiếm (dịch) | |
| 260 | |a Hà Nội | ||
| 260 | |b Nhà xuất bản Hà Nội | ||
| 260 | |c 2004 | ||
| 520 | |a Những bí ẩn liên quan đến người rừng trên khắp thế giới: Hiện tượng động vật nhân hình kì lạ, người rừng, những nhân chứng nhìn thấy người rừng, các cuộc tranh luận về sự tồn tại của người rừng | ||
| 650 | |a Evolution,Sự tiến hóa | ||
| 904 | |i Trúc | ||
| 980 | |a Trung tâm Học liệu Trường Đại học Cần Thơ | ||